British Football Clubs by Initials - Statistics

General Stats
  • This quiz has been taken 561 times
  • The average score is 8 of 10
Answer Stats
Initials Club % Correct
BHA Brighton & Hove Albion
97%
QPR Queens Park Rangers
95%
WHU West Ham United
94%
PNE Preston North End
90%
WBA West Bromwich Albion
90%
FGR Forest Green Rovers
89%
MKD Milton Keynes Dons
86%
QOTS Queen of the South
82%
ICT Inverness Caledonian Thistle
71%
TNS The New Saints of Oswestry Town & Llansantffraid
55%
No matching quizzes found
Score Distribution
Percent of People with Each Score
Percentile by Number Answered
Your Score History
You have not taken this quiz